000 00433nam a2200193Ia 4500
008 210210b1938 xxu||||| |||| 00| 0 eng d
041 _aeng
082 _a825/850
100 _aTILLOTSON (G)
245 _aOn the poetry of Pope
260 _aOxford
_bAt the Clarendon Press
_c1938
650 _athe
650 _aPope
650 _apoetry
650 _aOn
650 _aof
690 _aEnglish Criticism
906 _a015165
999 _c134483
_d134483